A filozófia
Elmentve itt :
| Szerző: | |
|---|---|
| Adatforrás: | Philobibl |
| Dokumentumtípus: | Könyv |
| Nyelv: | magyar |
| Megjelent: |
Bp.
Pantheon
1944
|
| LEADER | 00280nam a2200109 c 4500 | ||
|---|---|---|---|
| 001 | bibDOK00006159 | ||
| 005 | 20200924120218.4 | ||
| 008 | 060518s1944 hu hun | ||
| 100 | 2 | |a Halasy-Nagy József | |
| 245 | 1 | 2 | |a A filozófia |c Halasy-Nagy József |
| 260 | |a Bp. |b Pantheon |c 1944 | ||
| 300 | |a 404 p. | ||